Ciencia política y derechos humanos en América Latina
Gorde:
| Erakunde egilea: | |
|---|---|
| Formatua: | Texto |
| Argitaratua: |
San José:
IIDH. UNESCO
|
| Etiketak: |
Etiketa erantsi
Etiketarik gabe, Izan zaitez lehena erregistro honi etiketa jartzen!
|
MARC
| LEADER | 00000 a a2200000 04500 | ||
|---|---|---|---|
| 001 | 21278 | ||
| 003 | |||
| 040 | |||
| 090 | |a 093003 | ||
| 110 | |a Instituto para la Formación y Aprovechamiento de los Recursos Humanos | ||
| 245 | |a Ciencia política y derechos humanos en América Latina | ||
| 260 | |a San José: |b IIDH. UNESCO | ||
| 300 | |a p. irreg. | ||
| 999 | |c 15996 |d 15996 | ||
